Special report: retail, out of town (Record no. 104462)
[ view plain ]
| 000 -LEADER | |
|---|---|
| fixed length control field | 00818cab a2200169 4500 |
| 001 - CONTROL NUMBER | |
| control field | L130460 |
| 008 - FIXED-LENGTH DATA ELEMENTS--GENERAL INFORMATION | |
| fixed length control field | 050727n2005 000 0 eng u |
| 035 ## - SYSTEM CONTROL NUMBER | |
| System control number | (Sirsi) u130460 |
| 041 ## - LANGUAGE CODE | |
| Language code of text/sound track or separate title | eng |
| 245 ## - TITLE STATEMENT | |
| Title | Special report: retail, out of town |
| 260 ## - PUBLICATION, DISTRIBUTION, ETC. | |
| Date of publication, distribution, etc. | 2005 |
| 490 ## - SERIES STATEMENT | |
| Series statement | Property Week |
| Volume/sequential designation | 70(29) 22 July 2005, 83-90(6) |
| 520 ## - SUMMARY, ETC. | |
| Summary, etc. | Special report focusing on out of town retail, looks at the many challenges in the current out of town sector. These include the slow down in consumer spending, expansion of high street stores into the sector and the clampdown on mezzanines. Takes the view points of five sector insiders. Also examines the planning aspects of retail warehouse schemes. |
| 590 ## - LOCAL NOTE (RLIN) | |
| Local note | IKA020805 |
| 690 ## - LOCAL SUBJECT ADDED ENTRY--TOPICAL TERM (OCLC, RLIN) | |
| Topical term or geographic name as entry element | PROPERTY-COMMERCIAL PROPERTY-RETAIL PROPERTY-OUT OF TOWN RETAIL PROPERTY |
| 942 ## - ADDED ENTRY ELEMENTS (KOHA) | |
| Suppress in OPAC | 0 |
| Withdrawn status | Lost status | Source of classification or shelving scheme | Damaged status | Not for loan | Home library | Current library | Shelving location | Date acquired | Total Checkouts | Full call number | Barcode | Date last seen | Copy number | Price effective from | Koha item type |
|---|---|---|---|---|---|---|---|---|---|---|---|---|---|---|---|
| Dewey Decimal Classification | London | London | Journal article | 01/08/2005 | L130460 | 130460-1001 | 06/08/2019 | 1 | 06/08/2019 | Journal article |